000 00605nam a2200205Ii 4500
003 JO-AjNU
008 230605s9999||||xx |||||||||||||| ||und||
040 _aJO-AjNU
_bara
_erda
_cJO-AjNU
041 _aara
050 1 4 _aPJ7808.A213.G42 2005
100 3 _aأبو الهيجاء،نواف,
_eauthor
_920938
245 0 0 _aغيبوبة الجسد
250 _aط1
264 3 1 _aعمان:دار الشروق،2005
300 _a120ص
336 _atext
_btxt
_2rdacontent
337 _aunmediated
_bn
_2rdamedia
338 _avolume
_bnc
_2rdacarrier
650 4 _aالأدب العربي - قصص
_920939
999 _aA7190
_c10758
_d10758